Redefining nature : Karen ecological knowledge and the challenge to the modern conservation paradigm

This dissertation is an ethnography that offers a critical analysis of issues in contemporary conservation politics in Thailand. By examining the development of the dominant nature conservation ideology and response by the Karen, a group of ethnic hill people, to changing pattern of environmental co...

Täydet tiedot

Tallennettuna:
Bibliografiset tiedot
Päätekijä: Pinkaew Laungaramsri
Aineistotyyppi: Kirja
Kieli:Undetermined
Julkaistu: Chennai Earthworm Books 2002
Aiheet:
Tagit: Lisää tagi
Ei tageja, Lisää ensimmäinen tagi!
Thư viện lưu trữ: Trung tâm Học liệu Trường Đại học Cần Thơ
LEADER 01558nam a2200229Ia 4500
001 CTU_140936
008 210402s9999 xx 000 0 und d
082 |a 304.209593 
082 |b P655 
100 |a Pinkaew Laungaramsri 
245 0 |a Redefining nature : 
245 0 |b Karen ecological knowledge and the challenge to the modern conservation paradigm 
245 0 |c Pinkaew Laungaramsri 
260 |a Chennai 
260 |b Earthworm Books 
260 |c 2002 
520 |a This dissertation is an ethnography that offers a critical analysis of issues in contemporary conservation politics in Thailand. By examining the development of the dominant nature conservation ideology and response by the Karen, a group of ethnic hill people, to changing pattern of environmental control, the dissertation focuses on two main themes. The first part covers the Thai forest history and the role of development of scientific forestry in shaping discourses and practices of Thai nature conversation. The latter part explores Karen ecological knowledge and its chanllenge to the modern conservation paradigm 
650 |a Indigenous peoples,Nature conservation,Nature conservation,Người bản xứ,Bảo tồn thiên nhiên,Bảo tồn thiên nhiên 
650 |x Ecology,Social aspects,Government policy,Sinh thái học,Khía cạnh xã hội,Chính sách của chính phủ 
650 |z Thailand,Thailand,Thailand.,Thái Lan,Thái Lan,Thái Lan 
904 |i Huỳnh Mai 
980 |a Trung tâm Học liệu Trường Đại học Cần Thơ